000 00554cam a22002291 4500
001 sa 64005521
003 DLC
005 20260227112033.0
008 890402s1963 xx 000 0 beno
010 _asa 64005521
035 _a(OCoLC)23556729
040 _aDLC
_cMiU
_dDLC
042 _apremarc
043 _aa-pk---
050 0 0 _aDS380.A1
_bP3
245 0 0 _aPākistānera upajāti.
260 _c[1963]
300 _aiv, 119 p.
_billus.
_c24 cm.
500 _aRomanized.
650 0 _aEthnology
_zPakistan
710 2 _aPakistan Publications.
999 _c59154
_d59154